header

The flight of the condor (Record no. 4008)

MARC details
000 -LEADER
fixed length control field 01438nam a2200361 a 4500
082 04 - DEWEY DECIMAL CLASSIFICATION NUMBER
Classification number 863/.01089861
245 04 - TITLE STATEMENT
Title The flight of the condor
260 ## - PUBLICATION, DISTRIBUTION, ETC. (IMPRINT)
Place of publication Madison, Wis. :
Name of publisher University of Wisconsin Press,
Year of publication c2007.
300 ## - PHYSICAL DESCRIPTION
Number of Pages xxvii, 156 p.
490 1# - SERIES STATEMENT
Series statement The Americas
650 #0 - SUBJECT ADDED ENTRY--TOPICAL TERM
Topical Term Short stories, Colombian.
Topical Term Colombian fiction
Topical Term Violence
700 1# - ADDED ENTRY--PERSONAL NAME
Personal name Edwards, Jennifer Gabrielle.
856 40 - ELECTRONIC LOCATION AND ACCESS
Uniform Resource Identifier http://site.ebrary.com/lib/rucke/Doc?id=10280014

No items available.

© 2026 Rongo University
Contact us: librarian | system librarian | Rongo university